| 000 | 00683nam a2200241Ia 4500 | ||
|---|---|---|---|
| 005 | 20260430150358.0 | ||
| 008 | 008 250103s9999 xx 000 0 eng d | ||
| 037 | _aTheses | ||
| 040 | _aCRL | ||
| 040 | _beng | ||
| 040 | _ceng | ||
| 041 | _2eng | ||
| 041 | _aeng | ||
| 084 | _qCRL | ||
| 100 |
_aYadav Sandeep Kumar Au.; Chakravorty Amitava Gu.; Saxena Ranjana Gu. _91237316 |
||
| 245 | 0 | _aManifestation of Dissent in The Selected Works of A.I. Solzhenitsyn of 1960s | |
| 260 | _c2023 | ||
| 300 | _a266p. | ||
| 650 | _aArts | ||
| 700 | _aUniversity of Delhi. Faculty of Arts. Deptt. of Slavonic & Finno- Ugrian Studies | ||
| 942 | _cTH | ||
| 999 |
_c1849642 _d1849642 |
||